NLSUI OPAC header image

Steps to prevent fire in Nagarahole national park (Record no. 41272)

MARC details
000 -LEADER
fixed length control field 00396nam a2200157Ia 4500
008 - FIXED-LENGTH DATA ELEMENTS--GENERAL INFORMATION
fixed length control field 160316s2000 xxu||||| |||| 00| 0 eng d
082 ## - DEWEY DECIMAL CLASSIFICATION NUMBER
Classification number 333.720000
Item number CHI
100 ## - MAIN ENTRY--PERSONAL NAME
Personal name Chinnappa K. Jeevan
245 ## - TITLE STATEMENT
Title Steps to prevent fire in Nagarahole national park
250 ## - EDITION STATEMENT
Edition statement
260 ## - PUBLICATION, DISTRIBUTION, ETC.
Place of publication, distribution, etc.
Name of publisher, distributor, etc. Hindu
Date of publication, distribution, etc. 2000
300 ## - PHYSICAL DESCRIPTION
Extent 1
Other physical details
Dimensions
365 ## - TRADE PRICE
Price amount
650 ## - SUBJECT ADDED ENTRY--TOPICAL TERM
Topical term or geographic name entry element 1. Natinal park - conservation
700 ## - ADDED ENTRY--PERSONAL NAME
Personal name
--
Holdings
Withdrawn status Lost status Damaged status Not for loan Home library Current library Shelving location Date acquired Total Checkouts Full call number Barcode Date last seen Price effective from Koha item type
        . .   30.05.2017   333.72 CHI REP300881 30.05.2017 30.05.2017 Repository